000
00342nam a2200145Ia 4500
100
_a
Tata iron and
650
_a
General
942
_c
BK
654
_a
Tata iron
245
_a
Tata iron and steel company limited : Reference book
260
_b
Tata iron and Steel co
_a
Culcutta
_c
1941
300
_a
355
546
_a
ENGLISH
999
_c
23681
_d
23681